000 00409cam a2200193 4500
001 D1543
008 090401t1971 xxu||||| |||| 00| 0 eng d
035 _a(Sirsi) u64480
041 _aeng
050 _a526
100 _aBomford, G.
245 _aGeodesy
250 _a3rd
260 _aOxford
_bClarendon Press
_c1971
300 _ax. 731p. 24cm
350 _a10
942 _n0
948 _c04/03/1997
999 _c94681
_d94681